Kosovo all time starting xi - Statistics

General Stats
  • This quiz has been taken 21 times
  • The average score is 6 of 11
Answer Stats
Hint Answer % Correct
GK(2018- Arijanet Murić
94%
FW(2016- Milot Rashica
88%
FW(2016- Vedat Muriqi
88%
DF(2016- Amir Rrahmani
82%
FW(2018- Edon Zhegrova
65%
DF(2017- Mërgim Vojvoda
47%
MF(2016-2023 Arbër Zeneli
41%
DF(2017- Fidan Aliti
35%
MF(2019- Bersant Celina
29%
MF(2019- Florent Muslija
6%
DF(2016- Leart Paçarada
6%
No matching quizzes found
Score Distribution
Percent of People with Each Score
Percentile by Number Answered
Your Score History
You have not taken this quiz